000 00477pab a2200181 454500
008 180718b2008 xxu||||| |||| 00| 0 eng d
100 _aHaile, Daniel
245 _aCross-racial envy and underinvestment in South African partnerships
260 _c2008
300 _ap.703-24.
362 _aSep
650 _aEthnic groups
700 _aVerbon, Harrie A.A.
700 _aSadrieh, Abdolkarim
773 _aCambridge Journal of Economics
908 _aN
909 _a79601
999 _c79601
_d79601